| 000 | 00598cam a2200181 4500 | ||
|---|---|---|---|
| 001 | 1412 | ||
| 005 | 20181127163246.0 | ||
| 008 | 711216s1963 njua 000 0 eng | ||
| 010 | _a 63002423 | ||
| 100 | 1 | _aFlavell, John H. | |
| 245 | 1 | 4 |
_aThe developmental psychology of Jean Piaget / _cJohn H. Flavell; with a foreword by Jean Piaget. |
| 260 |
_aPrinceton, N.J. : _bVan Nostrand, _c1964. |
||
| 300 |
_a472 p. : _bill. ; _c24 cm. |
||
| 490 | 0 | _aThe University series in psychology | |
| 600 | 1 | 0 |
_aPiaget, Jean, _d1896-1980. |
| 650 | 0 | _aIntellect. | |
| 906 |
_a7 _bcbc _corignew _du _eocip _f19 _gy-gencatlg |
||
| 999 |
_c1042 _d1042 |
||